[Event "Dubai Police op-A"]
[Site "Dubai"]
[Date "2024.05.10"]
[Round "7"]
[White "Harsh, Suresh"]
[Black "Khamdamova, Afruza"]
[Result "1/2-1/2"]
[WhiteElo "2417"]
[BlackElo "2275"]
[PlyCount "68"]
[EventDate "2024.05.04"]
[EventType "swiss"]
[EventRounds "9"]
[EventCountry "UAE"]
[SourceTitle "CB20_2024"]
[SourceDate "2024.05.16"]
[SourceVersion "1"]
[SourceVersionDate "2024.05.16"]
[SourceQuality "1"]

1. b3 d5 2. Bb2 c5 3. e3 Nc6 4. Nf3 Nf6 5. Bb5 Bd7 6. 0-0 e6 7. Bxc6 Bxc6 8. Ne5 Rc8 9. d3 Be7 10. Nd2 0-0 11. f4 b5 12. a4 a6 13. axb5 axb5 14. Qf3 Qb6 15. Qg3 d4 16. e4 Rfd8 17. Ndf3 Be8 18. Qf2 Nh5 19. g3 f6 20. Ng4 f5 21. exf5 exf5 22. Nge5 Nf6 23. Bc1 Nd5 24. Bd2 Ra8 25. Qg2 Qb7 26. h3 Rxa1 27. Rxa1 Bc6 28. Kh2 Bf6 29. Ra7 Qxa7 30. Nxc6 Qd7 31. Nxd8 Qxd8 32. Qe2 Qe7 33. Qxe7 Nxe7 34. g4 g6 1/2-1/2

[Event "Dubai Police op-A"]
[Site "Dubai"]
[Date "2024.05.08"]
[Round "5"]
[White "Harsh, Suresh"]
[Black "Bharath, Subramaniyam H"]
[Result "1/2-1/2"]
[WhiteElo "2417"]
[BlackElo "2545"]
[PlyCount "81"]
[EventDate "2024.05.04"]
[EventType "swiss"]
[EventRounds "9"]
[EventCountry "UAE"]
[SourceTitle "CB20_2024"]
[SourceDate "2024.05.16"]
[SourceVersion "1"]
[SourceVersionDate "2024.05.16"]
[SourceQuality "1"]

1. e4 e5 2. Nf3 Nc6 3. Bc4 Nf6 4. d3 Be7 5. 0-0 0-0 6. Nc3 d6 7. a4 Na5 8. Ba2 c5 9. Bg5 Nc6 10. Bxf6 Bxf6 11. Nd5 Be6 12. Qd2 g6 13. c3 Bg7 14. Ng5 h6 15. Nxe6 fxe6 16. Ne3 Qe7 17. g3 h5 18. Ng2 Kh7 19. Qe2 Rf6 20. f3 Bh6 21. Rf2 Raf8 22. Raf1 g5 23. Bb3 Qe8 24. Bd1 a6 25. Ne3 Kh8 26. Kh1 b5 27. axb5 axb5 28. Kg1 Qg6 29. Kh1 Qf7 30. Bb3 Qa7 31. Bd1 Kg7 32. Ng2 Kh8 33. Ne3 Qh7 34. Bb3 Bg7 35. Kg1 Bh6 36. Kh1 Qg6 37. Bd1 Kg7 38. Kg1 Kh8 39. Kh1 Qf7 40. Bb3 Qa7 41. Bd1 1/2-1/2

[Event "Dubai Police op-A"]
[Site "Dubai"]
[Date "2024.05.05"]
[Round "2"]
[White "Mishra, Abhimanyu"]
[Black "Harsh, Suresh"]
[Result "1/2-1/2"]
[WhiteElo "2634"]
[BlackElo "2417"]
[PlyCount "70"]
[EventDate "2024.05.04"]
[EventType "swiss"]
[EventRounds "9"]
[EventCountry "UAE"]
[SourceTitle "CB20_2024"]
[SourceDate "2024.05.16"]
[SourceVersion "1"]
[SourceVersionDate "2024.05.16"]
[SourceQuality "1"]

1. e4 e5 2. Nf3 Nc6 3. Bc4 Nf6 4. d3 Bc5 5. c3 d6 6. 0-0 a5 7. Re1 Ba7 8. Na3 h6 9. Nb5 Bb6 10. Be3 Bxe3 11. Rxe3 0-0 12. a4 Re8 13. Qc2 Bg4 14. h3 Bxf3 15. Rxf3 Ne7 16. Qb3 Rf8 17. d4 Ng6 18. dxe5 Nxe5 19. Re3 Nxc4 20. Qxc4 c6 21. Nd4 Nxe4 22. Nxc6 bxc6 23. Qxe4 d5 24. Qd4 Rb8 25. Re2 Qd6 26. Rd1 Rfd8 27. Qa7 Ra8 28. Qe7 Qxe7 29. Rxe7 Rdb8 30. c4 Rb7 31. b3 Rxb3 32. cxd5 Rb2 33. dxc6 Rb4 34. Rd5 f6 35. Rc5 Kh8 1/2-1/2

[Event "Titled Tuesday intern op 30th Apr Early"]
[Site "Chess.com INT"]
[Date "2024.04.30"]
[Round "10"]
[White "Harsh, Suresh"]
[Black "Dinu, Dumitru Daniel"]
[Result "1-0"]
[WhiteElo "2413"]
[BlackElo "2190"]
[PlyCount "91"]
[EventDate "2024.04.30"]
[EventType "swiss (blitz)"]
[EventRounds "11"]
[EventCountry "USA"]
[SourceTitle "CB19_2024"]
[SourceDate "2024.05.08"]
[SourceVersion "1"]
[SourceVersionDate "2024.05.08"]
[SourceQuality "1"]

1. a3 c5 2. c4 Nc6 3. g3 d6 4. Bg2 g6 5. Nc3 Bg7 6. Nf3 Nf6 7. 0-0 0-0 8. Rb1 a5 9. d3 Nd7 10. Bd2 Nde5 11. Nxe5 Nxe5 12. b4 axb4 13. axb4 cxb4 14. Rxb4 Nc6 15. Rb1 Ra7 16. Nd5 e6 17. Nb6 Bd4 18. Nxc8 Qxc8 19. Qb3 Bc5 20. e3 e5 21. Ra1 Qc7 22. Rxa7 Bxa7 23. Rb1 Rb8 24. Qb5 Kg7 25. h4 h5 26. Bf3 Nd8 27. Ra1 Bc5 28. Ba5 Qe7 29. Bc3 Ne6 30. Qb2 Qf6 31. Kg2 b6 32. Bd5 b5 33. cxb5 Nc7 34. Bc6 Qe6 35. d4 Bb6 36. dxe5 dxe5 37. Bxe5+ Kh7 38. Rd1 Rf8 39. Rd6 Qf5 40. Rf6 Qc8 41. Qb3 Ne6 42. Qd5 Bd8 43. Rf3 Be7 44. Bd7 Qa8 45. Qxa8 Rxa8 46. Rxf7+ 1-0

[Event "Titled Tuesday intern op 30th Apr Early"]
[Site "Chess.com INT"]
[Date "2024.04.30"]
[Round "4"]
[White "Harsh, Suresh"]
[Black "Lenaerts, Lennert"]
[Result "0-1"]
[WhiteElo "2413"]
[BlackElo "2339"]
[PlyCount "120"]
[EventDate "2024.04.30"]
[EventType "swiss (blitz)"]
[EventRounds "11"]
[EventCountry "USA"]
[SourceTitle "CB19_2024"]
[SourceDate "2024.05.08"]
[SourceVersion "1"]
[SourceVersionDate "2024.05.08"]
[SourceQuality "1"]

1. a3 e5 2. e4 Nf6 3. Nc3 Bc5 4. Nf3 d6 5. h3 a6 6. d3 Nc6 7. g3 Nd4 8. Bg2 c6 9. 0-0 Nxf3+ 10. Qxf3 h6 11. Be3 Bxe3 12. Qxe3 0-0 13. f4 Re8 14. fxe5 dxe5 15. Ne2 Be6 16. Rf2 Nd7 17. Raf1 Qg5 18. Qxg5 hxg5 19. Kh2 b5 20. Nc3 a5 21. Nd1 b4 22. axb4 axb4 23. b3 Ra2 24. Ne3 Nc5 25. Bf3 Rea8 26. Kg2 Ra1 27. Rxa1 Rxa1 28. Bg4 Bxg4 29. Nxg4 f6 30. Ne3 Ne6 31. Nf5 Kf8 32. Kf3 Nd4+ 33. Nxd4 exd4 34. e5 f5 35. e6 Ke7 36. Re2 Rf1+ 37. Kg2 Rc1 38. Kf3 g6 39. Kf2 Rh1 40. Kg2 Rc1 41. Kf2 Ra1 42. Kf3 Ra5 43. Re1 Rc5 44. Re2 Rd5 45. h4 gxh4 46. gxh4 Rd6 47. Kf4 Rxe6 48. Rxe6+ Kxe6 49. Kg5 Kf7 50. h5 gxh5 51. Kxf5 c5 52. Kg5 Ke6 53. Kxh5 Kf5 54. Kh6 Kf4 55. Kg6 Ke3 56. Kf5 Kd2 57. Ke4 Kxc2 58. Kd5 Kxd3 59. Kxc5 Kc3 60. Kb5 d3 0-1

[Event "Titled Tuesday intern op 30th Apr Early"]
[Site "Chess.com INT"]
[Date "2024.04.30"]
[Round "7"]
[White "Rogov, Matfey"]
[Black "Harsh, Suresh"]
[Result "0-1"]
[WhiteElo "2191"]
[BlackElo "2413"]
[PlyCount "128"]
[EventDate "2024.04.30"]
[EventType "swiss (blitz)"]
[EventRounds "11"]
[EventCountry "USA"]
[SourceTitle "CB19_2024"]
[SourceDate "2024.05.08"]
[SourceVersion "1"]
[SourceVersionDate "2024.05.08"]
[SourceQuality "1"]

1. e4 a6 2. d4 d6 3. Bd3 g6 4. h4 h5 5. Nh3 Bg7 6. c3 Nc6 7. Be3 e5 8. Ng5 exd4 9. cxd4 Nh6 10. Bc4 0-0 11. Nc3 Ng4 12. Qf3 Qf6 13. Qxf6 Bxf6 14. 0-0-0 Bxg5 15. hxg5 Be6 16. Be2 Nxe3 17. fxe3 Ne7 18. g4 hxg4 19. Rh4 Kg7 20. Bxg4 Rh8 21. Rxh8 Rxh8 22. Be2 Rh3 23. Kd2 Rg3 24. e5 dxe5 25. Ne4 Rg2 26. dxe5 Bd5 27. Nf6 Bf3 28. Re1 Bxe2 29. Rxe2 Rxg5 30. Rh2 Rxe5 31. Ne8+ Kf8 32. Rh8+ Ng8 33. Nxc7 Kg7 34. Rh4 Nf6 35. Rb4 Re7 36. Na8 Nd5 37. Rb3 Re8 38. e4 Rxa8 39. exd5 b5 40. Rd3 f6 41. Kc3 f5 42. Kd4 Kf6 43. Kc5 g5 44. d6 f4 45. Kd5 Kf5 46. Kc6 g4 47. d7 Rd8 48. Kc7 Rxd7+ 49. Kxd7 g3 50. Rd5+ Ke4 51. Rg5 f3 52. Rxg3 f2 53. Rg4+ Ke5 54. Rg5+ Kf6 55. Rc5 f1Q 56. Rc6+ Ke5 57. Rxa6 Qc4 58. Rd6 Qxa2 59. b4 Qa7+ 60. Kc6 Qa6+ 61. Kc5 Qxd6+ 62. Kxb5 Kd5 63. Ka5 Qb8 64. b5 Kc5 0-1

[Event "Titled Tuesday intern op 30th Apr Early"]
[Site "Chess.com INT"]
[Date "2024.04.30"]
[Round "1"]
[White "Stojanovski, Sandi"]
[Black "Harsh, Suresh"]
[Result "0-1"]
[WhiteElo "2169"]
[BlackElo "2413"]
[PlyCount "70"]
[EventDate "2024.04.30"]
[EventType "swiss (blitz)"]
[EventRounds "11"]
[EventCountry "USA"]
[SourceTitle "CB19_2024"]
[SourceDate "2024.05.08"]
[SourceVersion "1"]
[SourceVersionDate "2024.05.08"]
[SourceQuality "1"]

1. d3 a6 2. Nf3 Nf6 3. g3 d6 4. Bg2 e5 5. 0-0 Be7 6. c4 0-0 7. Nc3 c6 8. b3 h6 9. Bb2 Bg4 10. Qc2 Nbd7 11. Rfd1 Nc5 12. d4 exd4 13. Nxd4 Nfd7 14. Nf5 Bxf5 15. Qxf5 Qc7 16. Rd2 Rad8 17. Rad1 b5 18. Ne4 bxc4 19. Qg4 Ne6 20. Nxd6 Bxd6 21. Rxd6 Nf6 22. Rxd8 Nxg4 23. Rxf8+ Nxf8 24. h3 Nf6 25. bxc4 Ne6 26. Ba3 Qa5 27. Bd6 Qxa2 28. c5 Qxe2 29. Ra1 Ne4 30. Bxe4 Qxe4 31. Rxa6 Nd4 32. Ra8+ Kh7 33. g4 Nf3+ 34. Kh1 Nh4+ 35. Kh2 Qg2# 0-1

[Event "Titled Tuesday intern op 30th Apr Early"]
[Site "Chess.com INT"]
[Date "2024.04.30"]
[Round "3"]
[White "Velikanov, Alexander"]
[Black "Harsh, Suresh"]
[Result "1-0"]
[WhiteElo "2387"]
[BlackElo "2413"]
[PlyCount "183"]
[EventDate "2024.04.30"]
[EventType "swiss (blitz)"]
[EventRounds "11"]
[EventCountry "USA"]
[SourceTitle "CB19_2024"]
[SourceDate "2024.05.08"]
[SourceVersion "1"]
[SourceVersionDate "2024.05.08"]
[SourceQuality "1"]

1. e4 a6 2. d4 e6 3. Nf3 d5 4. exd5 exd5 5. Bd3 Nf6 6. 0-0 Be7 7. Bg5 0-0 8. Nbd2 Be6 9. c3 Nbd7 10. Qc2 h6 11. Bh4 c5 12. Rae1 Rc8 13. Bf5 Qb6 14. Ne5 Bd6 15. Nxd7 Nxd7 16. Rxe6 Bxh2+ 17. Kxh2 fxe6 18. Bh7+ Kh8 19. dxc5 Nxc5 20. Nf3 Nd7 21. Re1 Rc4 22. Bg3 Rf6 23. Bd3 Rg4 24. Qe2 Ra4 25. b3 Ra5 26. Nd4 Nf8 27. Be5 Rf7 28. Bc2 Rc5 29. Qh5 Kg8 30. Re3 Qd8 31. Rg3 Rf6 32. Kg1 Rc8 33. Qe2 Rf7 34. Qd3 Rf6 35. Qe3 Rf7 36. Qxh6 Qe7 37. Qh5 Rf6 38. Rh3 Rh6 39. Qg4 Rxh3 40. gxh3 Re8 41. Kg2 Qf7 42. Bd3 Re7 43. Qg3 Re8 44. h4 Re7 45. Qg5 Re8 46. h5 Qe7 47. Qg4 Qf7 48. h6 g6 49. Nf3 Qh7 50. Qh4 Qe7 51. Ng5 Nh7 52. f4 Nxg5 53. fxg5 Kh7 54. Bf6 Qd6 55. Qh5 Rg8 56. Qg4 e5 57. Be2 e4 58. Qg3 Qxg3+ 59. Kxg3 Re8 60. Kf4 Re6 61. c4 dxc4 62. Bxc4 Re8 63. Be2 Re6 64. Be5 Rc6 65. Kxe4 Rc2 66. Bc4 Rxa2 67. Kd5 Rg2 68. Bf6 b5 69. Bd3 Rg3 70. Kd4 a5 71. Bxb5 Rxb3 72. Bc4 Rb4 73. Kc5 Rb1 74. Bb5 Rc1+ 75. Kb6 Rb1 76. Kxa5 Rh1 77. Kb6 Rc1 78. Bc6 Rd1 79. Kc7 Re1 80. Kd6 Rd1+ 81. Bd5 Re1 82. Be6 Rb1 83. Ke7 Rb7+ 84. Bd7 Rb6 85. Kf7 Rb7 86. Ke8 Rb8+ 87. Ke7 Rb7 88. Be5 Rb6 89. Be6 Rb7+ 90. Kf6 Rf7+ 91. Bxf7 Kh8 92. Kxg6# 1-0

[Event "BCC op 21st"]
[Site "Hua Hin"]
[Date "2024.04.20"]
[Round "8"]
[White "Harsh, Suresh"]
[Black "Pranesh, M."]
[Result "1/2-1/2"]
[WhiteElo "2413"]
[BlackElo "2538"]
[PlyCount "111"]
[EventDate "2024.04.13"]
[EventType "swiss"]
[EventRounds "9"]
[EventCountry "THA"]
[SourceTitle "CB18_2024"]
[SourceDate "2024.05.01"]
[SourceVersion "1"]
[SourceVersionDate "2024.05.01"]
[SourceQuality "2"]

1. e4 e5 2. Nc3 Nc6 3. Bc4 Nf6 4. d3 Na5 5. Bb3 Nxb3 6. axb3 d5 7. Nf3 dxe4 8. dxe4 Bd6 9. 0-0 h6 10. Nd2 Bg4 11. f3 Be6 12. Nc4 Bc5+ 13. Kh1 Nd7 14. Qe2 0-0 15. Be3 Bd4 16. Bxd4 exd4 17. Nb5 c5 18. Nxa7 Nb8 19. e5 Bd5 20. Nd6 b6 21. Nac8 Rxa1 22. Rxa1 Nc6 23. Qb5 Nxe5 24. Qxb6 Qxb6 25. Nxb6 Be6 26. Ne4 Rb8 27. Na4 d3 28. cxd3 Nxd3 29. Nexc5 Nxc5 30. Nxc5 Bxb3 31. Nxb3 Rxb3 32. Rb1 f5 33. Kg1 h5 34. Kf2 h4 35. h3 g5 36. Ke2 g4 37. hxg4 fxg4 38. fxg4 Kg7 39. Rh1 Rxb2+ 40. Kf3 Rb3+ 41. Kf4 Rb2 42. Rxh4 Rxg2 43. Rh5 Rf2+ 44. Kg3 Ra2 45. Rb5 Kg6 46. Kh4 Rh2+ 47. Kg3 Ra2 48. Rb6+ Kg5 49. Rb3 Rc2 50. Rb5+ Kg6 51. Ra5 Rb2 52. Kh4 Rh2+ 53. Kg3 Rb2 54. Ra6+ Kg5 55. Ra5+ Kg6 56. Ra6+ 1/2-1/2

[Event "BCC op 21st"]
[Site "Hua Hin"]
[Date "2024.04.19"]
[Round "7"]
[White "Ritviz, Parab"]
[Black "Harsh, Suresh"]
[Result "1/2-1/2"]
[WhiteElo "2346"]
[BlackElo "2413"]
[PlyCount "88"]
[EventDate "2024.04.13"]
[EventType "swiss"]
[EventRounds "9"]
[EventCountry "THA"]
[SourceTitle "CB18_2024"]
[SourceDate "2024.05.01"]
[SourceVersion "1"]
[SourceVersionDate "2024.05.01"]
[SourceQuality "2"]

1. e4 c5 2. Nf3 d6 3. Bb5+ Bd7 4. c4 Nf6 5. Nc3 g6 6. 0-0 Bg7 7. d4 cxd4 8. Nxd4 Nc6 9. Be3 Ng4 10. Nxc6 bxc6 11. Bxc6 Nxe3 12. Bxd7+ Qxd7 13. fxe3 Bxc3 14. bxc3 Rc8 15. Qd4 0-0 16. e5 Rc6 17. Rad1 Qc7 18. exd6 Rxd6 19. Qf4 Rc6 20. Qxc7 Rxc7 21. Rb1 Rd8 22. Rfd1 Rxd1+ 23. Rxd1 Rxc4 24. Rc1 Kg7 25. Kf2 Kf6 26. Ke2 Ke5 27. Kd3 Ra4 28. Rc2 f5 29. Rb2 Kd5 30. Rb7 e5 31. c4+ Ke6 32. Rxh7 Ra3+ 33. Ke2 Rxa2+ 34. Kf3 e4+ 35. Kg3 a5 36. Ra7 g5 37. h4 gxh4+ 38. Kxh4 Ra3 39. Kg5 Rxe3 40. Ra6+ Ke5 41. Rxa5+ Kd4 42. Kxf5 Rg3 43. Rd5+ Kxc4 44. Kxe4 Rxg2 1/2-1/2

[Event "Budapest FS02 GM"]
[Site "Budapest"]
[Date "2024.02.10"]
[Round "7"]
[White "Lee, Alice"]
[Black "Harsh, Suresh"]
[Result "1/2-1/2"]
[WhiteElo "2379"]
[BlackElo "2402"]
[PlyCount "53"]
[EventDate "2024.02.03"]
[EventType "tourn"]
[EventRounds "9"]
[EventCountry "HUN"]
[EventCategory "7"]
[SourceTitle "CB08_2024"]
[SourceDate "2024.02.21"]
[SourceVersion "1"]
[SourceVersionDate "2024.02.21"]
[SourceQuality "1"]

1. d4 d5 2. c4 c6 3. cxd5 cxd5 4. Bf4 Nf6 5. e3 Nc6 6. Nc3 Bf5 7. Nf3 e6 8. Qb3 Bb4 9. Ne5 0-0 10. Nxc6 Bxc3+ 11. Qxc3 bxc6 12. Be2 Qb6 13. Rc1 Ne4 14. Qa3 g5 15. Bg3 a5 16. 0-0 Rfc8 17. f3 Nxg3 18. hxg3 Qb4 19. Qc3 Qxc3 20. Rxc3 a4 21. Bd1 Ra5 22. Rf2 Kf8 23. Ra3 Rca8 24. Rc3 Rc8 25. Ra3 Rca8 26. Rc3 Rc8 27. Ra3 1/2-1/2

[Event "Paracin Prestige op"]
[Site "Paracin"]
[Date "2024.01.23"]
[Round "9"]
[White "Harsh, Suresh"]
[Black "Kosic, Dragan"]
[Result "1/2-1/2"]
[WhiteElo "2361"]
[BlackElo "2380"]
[PlyCount "81"]
[EventDate "2024.01.15"]
[EventType "swiss"]
[EventRounds "9"]
[EventCountry "SRB"]
[SourceTitle "CB05_2024"]
[SourceDate "2024.01.31"]
[SourceVersion "1"]
[SourceVersionDate "2024.01.31"]
[SourceQuality "1"]

1. e4 e6 2. d4 d5 3. e5 Bd7 4. Nf3 a6 5. Bd3 Bb5 6. 0-0 Ne7 7. b3 Bxd3 8. Qxd3 Nf5 9. c4 Nc6 10. Rd1 Nh4 11. Nxh4 Qxh4 12. c5 Be7 13. Be3 f6 14. exf6 gxf6 15. Nd2 Rg8 16. Nf1 0-0-0 17. Qe2 e5 18. Ng3 Rd7 19. Qf3 exd4 20. Nf5 Qe4 21. Qxe4 dxe4 22. Nxe7+ Nxe7 23. Rxd4 Rgd8 24. Rad1 Nf5 25. Rxd7 Rxd7 26. Rf1 Rd5 27. g4 Nh4 28. h3 h5 29. Kh2 hxg4 30. hxg4 f5 31. Kg3 Ng6 32. Rh1 fxg4 33. Kxg4 Ne7 34. Kf4 Nf5 35. Rc1 Nxe3 36. Kxe3 Rd3+ 37. Ke2 Rf3 38. Rc4 Rf4 39. Ke3 Rf3+ 40. Ke2 Rf4 41. Ke3 1/2-1/2

[Event "Paracin Prestige op"]
[Site "Paracin"]
[Date "2024.01.22"]
[Round "8"]
[White "Isanzhulov, Arystan"]
[Black "Harsh, Suresh"]
[Result "1/2-1/2"]
[WhiteElo "2414"]
[BlackElo "2361"]
[PlyCount "239"]
[EventDate "2024.01.15"]
[EventType "swiss"]
[EventRounds "9"]
[EventCountry "SRB"]
[SourceTitle "CB05_2024"]
[SourceDate "2024.01.31"]
[SourceVersion "1"]
[SourceVersionDate "2024.01.31"]
[SourceQuality "1"]

1. e4 e5 2. Nf3 Nc6 3. Bc4 Nf6 4. d3 h6 5. 0-0 d6 6. a4 g6 7. Nc3 Bg7 8. Nd5 0-0 9. c3 Be6 10. a5 Bxd5 11. exd5 Ne7 12. Re1 Qd7 13. Qb3 Rfb8 14. d4 e4 15. Nd2 Qf5 16. Nf1 b5 17. axb6 axb6 18. Ng3 Rxa1 19. Nxf5 Nxf5 20. Kf1 Rba8 21. Qc2 h5 22. Bg5 e3 23. Bxf6 Bxf6 24. Bd3 Rxe1+ 25. Kxe1 Ra1+ 26. Ke2 Bxd4 27. fxe3 Nxe3 28. Qd2 Nf1 29. Qg5 Be5 30. Qd8+ Kg7 31. Qxc7 Bxh2 32. Qxb6 Be5 33. c4 Ng3+ 34. Ke3 Ra2 35. c5 dxc5 36. Qxc5 Rxb2 37. d6 Bf6 38. d7 Rb8 39. Qc8 Rb6 40. Qc7 Re6+ 41. Kf3 Nf5 42. Bxf5 gxf5 43. Qc5 Re4 44. Qxf5 Rg4 45. Qxh5 Rg5 46. Qh3 Kg6 47. Ke4 Kg7 48. Qf3 Be7 49. Qc3+ Kg8 50. Qc8+ Kg7 51. Qc3+ Kg8 52. g3 Kh7 53. Kf4 Rg6 54. Qc8 Kg7 55. Kf3 Rf6+ 56. Ke4 Re6+ 57. Kf3 Rf6+ 58. Kg2 Rg6 59. Qe8 Bf6 60. Kf3 Rg5 61. Qa8 Rg6 62. g4 Be7 63. Qe8 Bf6 64. Kf4 Rg5 65. d8Q Bxd8 66. Qxd8 Rg6 67. Kf5 Re6 68. Qd4+ Kg8 69. Qb2 Rg6 70. Qa2 Re6 71. Qb1 Rg6 72. Qc2 Kg7 73. Qd3 Rf6+ 74. Kg5 Rg6+ 75. Kh4 Rh6+ 76. Kg3 Rg6 77. Qd2 Kg8 78. Kh4 Kg7 79. Kh5 Kg8 80. Qe3 Kg7 81. Qf4 Kg8 82. Qe5 Re6 83. Qd4 Rg6 84. Qe5 Re6 85. Qg5+ Kh7 86. Qd2 Kg7 87. Qc3+ Kg8 88. Qb2 Rg6 89. Qd4 Re6 90. Qc3 Rg6 91. Qb2 Re6 92. Qb1 Kg7 93. Qc1 Rg6 94. Qb2+ Kg8 95. Qe5 Re6 96. Qg5+ Kh7 97. Qd2 Kg7 98. Qf4 Rg6 99. Qd4+ Kg8 100. Qc3 Re6 101. Qc2 Kg7 102. g5 Kg8 103. Qb1 Kg7 104. Qb7 Kg8 105. Qb8+ Kg7 106. Qc8 Rg6 107. Kg4 Re6 108. Kf5 Rg6 109. Qe8 Re6 110. Qd7 Kg8 111. Qc8+ Kg7 112. Qd7 Kg8 113. Qxe6 fxe6+ 114. Kxe6 Kg7 115. Kf5 Kf7 116. g6+ Kg7 117. Kg5 Kg8 118. Kh6 Kh8 119. g7+ Kg8 120. Kg6 1/2-1/2

[Event "Paracin Prestige op"]
[Site "Paracin"]
[Date "2024.01.16"]
[Round "2"]
[White "Harsh, Suresh"]
[Black "Srdanovic, Jovana"]
[Result "1-0"]
[WhiteElo "2361"]
[BlackElo "2121"]
[PlyCount "91"]
[EventDate "2024.01.15"]
[EventType "swiss"]
[EventRounds "9"]
[EventCountry "SRB"]
[SourceTitle "CB05_2024"]
[SourceDate "2024.01.31"]
[SourceVersion "1"]
[SourceVersionDate "2024.01.31"]
[SourceQuality "1"]

1. e4 c5 2. Nf3 e6 3. d4 cxd4 4. Nxd4 Nf6 5. Nc3 Nc6 6. Ndb5 Bc5 7. Nd6+ Ke7 8. Bf4 e5 9. Nf5+ Kf8 10. Bg5 Bb4 11. Bxf6 Qxf6 12. Ne3 Bxc3+ 13. bxc3 g6 14. Bc4 Kg7 15. Qd3 d6 16. Rf1 Be6 17. Bb3 Rhd8 18. 0-0-0 Rac8 19. Nd5 Qg5+ 20. Kb2 Na5 21. g3 Nxb3 22. axb3 Bxd5 23. Qxd5 Qe7 24. f4 Rc5 25. Qd2 exf4 26. Qd4+ Qe5 27. gxf4 Qxd4 28. cxd4 Rh5 29. Rd2 Kf6 30. c4 Rh3 31. f5 g5 32. e5+ dxe5 33. dxe5+ Ke7 34. f6+ Ke8 35. Rxd8+ Kxd8 36. e6 Ke8 37. e7 Rxh2+ 38. Kc3 Rh6 39. Kd4 g4 40. Ke5 Rh2 41. Kf4 Rg2 42. Rh1 Rf2+ 43. Kg5 g3 44. Rxh7 Rh2 45. Rg7 Kd7 46. Rg8 1-0

[Event "Tamil Nadu IM 11th"]
[Site "Chennai"]
[Date "2024.01.11"]
[Round "5"]
[White "Lokesh, N1."]
[Black "Harsh, Suresh"]
[Result "1/2-1/2"]
[WhiteElo "2140"]
[BlackElo "2361"]
[PlyCount "124"]
[EventDate "2024.01.09"]
[EventType "tourn"]
[EventRounds "9"]
[EventCountry "IND"]
[SourceTitle "CB03_2024"]
[SourceDate "2024.01.17"]
[SourceVersion "1"]
[SourceVersionDate "2024.01.17"]
[SourceQuality "1"]

1. e4 e5 2. Nf3 Nc6 3. Bc4 Nf6 4. d3 h6 5. 0-0 d6 6. c3 g5 7. d4 Qe7 8. Re1 Bg7 9. Na3 g4 10. dxe5 dxe5 11. Nd2 Bd7 12. Nc2 0-0-0 13. Ne3 Be6 14. Qa4 Nd7 15. Bb5 Nb6 16. Qc2 h5 17. a4 a6 18. Bf1 h4 19. a5 Nd7 20. b4 g3 21. Nf3 gxf2+ 22. Qxf2 Nf6 23. Ng5 Bh6 24. Nf5 Bxf5 25. Qxf5+ Kb8 26. Bc4 Rdf8 27. Rf1 Ne8 28. Nxf7 Bxc1 29. Raxc1 Nd6 30. Qe6 Nxc4 31. Qxe7 Nxe7 32. Nxh8 Rxh8 33. Rf6 Rg8 34. Kf2 Nd2 35. Re1 Rg4 36. Rf8+ Ka7 37. Re2 Ng6 38. Rf5 Nc4 39. g3 hxg3+ 40. hxg3 Ne7 41. Rf7 Nc8 42. Rxc7 N8d6 43. Kf3 Rxe4 44. Rxe4 Nd2+ 45. Ke3 N2xe4 46. g4 Nf6 47. Rg7 Nd5+ 48. Kd3 Nf4+ 49. Kc2 e4 50. Re7 Kb8 51. g5 Kc8 52. g6 Nf5 53. Rxe4 Nxg6 54. Kb3 Nge7 55. Re6 Kd7 56. Rf6 Nd6 57. c4 Nc6 58. Rh6 Kc7 59. Rh7+ Kc8 60. Rh8+ Kc7 61. Rh7+ Kc8 62. Rh8+ Kc7 1/2-1/2

[Event "Tamil Nadu IM 3rd"]
[Site "Chennai"]
[Date "2023.11.03"]
[Round "7"]
[White "Harsh, Suresh"]
[Black "Sekar, B."]
[Result "1-0"]
[WhiteElo "2370"]
[BlackElo "2320"]
[PlyCount "72"]
[EventDate "2023.10.30"]
[EventType "tourn"]
[EventRounds "9"]
[EventCountry "IND"]
[SourceTitle "Mega2024 Update 01"]
[Source "Chessbase"]
[SourceDate "2023.11.12"]
[SourceVersion "1"]
[SourceVersionDate "2023.11.12"]
[SourceQuality "1"]

1. Nf3 Nf6 2. g3 d5 3. Bg2 Bf5 4. 0-0 e6 5. d3 h6 6. c4 c6 7. Qb3 Qb6 8. Be3 Qxb3 9. axb3 a6 10. Bd2 Nbd7 11. Bc3 Be7 12. Nbd2 0-0 13. b4 dxc4 14. dxc4 Ne4 15. Nb3 Nxc3 16. bxc3 c5 17. Rfd1 Rfd8 18. Na5 Be4 19. Rxd7 Rxd7 20. Ne5 Bxg2 21. Nxd7 Bh3 22. Nxc5 b6 23. Nc6 Bxc5 24. bxc5 bxc5 25. f3 h5 26. Ra5 Kf8 27. Ne5 Rd8 28. Nd3 Bf5 29. Nxc5 Rd1+ 30. Kf2 Rh1 31. h4 Rh2+ 32. Ke3 Rg2 33. Nxa6 Rxg3 34. Kf2 Rh3 35. e4 Bg6 36. c5 Ke8 1-0

[Event "Tamil Nadu IM 3rd"]
[Site "Chennai"]
[Date "2023.10.30"]
[Round "2"]
[White "Harsh, Suresh"]
[Black "Gochelashvili, David"]
[Result "1-0"]
[WhiteElo "2370"]
[BlackElo "2304"]
[PlyCount "69"]
[EventDate "2023.10.30"]
[EventType "tourn"]
[EventRounds "9"]
[EventCountry "IND"]
[SourceTitle "Mega2024 Update 01"]
[Source "Chessbase"]
[SourceDate "2023.11.12"]
[SourceVersion "1"]
[SourceVersionDate "2023.11.12"]
[SourceQuality "1"]

1. d4 Nf6 2. c4 g6 3. g3 Bg7 4. Bg2 0-0 5. Nc3 d6 6. Nf3 Nbd7 7. 0-0 e5 8. e4 exd4 9. Nxd4 Nc5 10. h3 Re8 11. Re1 a5 12. Ndb5 Bd7 13. Bf4 Bxb5 14. cxb5 Re6 15. e5 Nh5 16. Be3 Rxe5 17. Bxc5 Rxc5 18. Bxb7 Bxc3 19. bxc3 Rb8 20. Bc6 Qf6 21. Rc1 Rxc3 22. Qd2 Ra3 23. Re3 Rxe3 24. Qxe3 Rd8 25. Qa7 Qg5 26. Rf1 Nxg3 27. fxg3 Qxg3+ 28. Bg2 d5 29. Qf2 Qxf2+ 30. Kxf2 d4 31. Ke2 Kf8 32. Kd3 Re8 33. Rc1 f5 34. Rxc7 Re3+ 35. Kxd4 1-0

[Event "Titled Tuesday intern op 12th Sep Early"]
[Site "Chess.com INT"]
[Date "2023.09.12"]
[Round "6"]
[White "Harsh, Suresh"]
[Black "Floresvillar Gonzalez, Luis Miguel"]
[Result "1-0"]
[WhiteElo "2324"]
[BlackElo "2019"]
[PlyCount "81"]
[EventDate "2023.09.12"]
[EventType "swiss (blitz)"]
[EventRounds "11"]
[EventCountry "USA"]
[SourceTitle "EXT 2024"]
[Source "ChessBase"]
[SourceDate "2023.10.10"]
[SourceVersion "1"]
[SourceVersionDate "2023.10.10"]
[SourceQuality "1"]

1. e4 c6 2. d4 d5 3. exd5 cxd5 4. Bd3 Nc6 5. c3 Qc7 6. h3 Nf6 7. Nf3 g6 8. 0-0 Bf5 9. Re1 Bxd3 10. Qxd3 Ne4 11. Nbd2 f5 12. Nb3 e6 13. Nfd2 Kf7 14. f3 Qg3 15. Qe2 Bd6 16. Nf1 Qh4 17. fxe4 dxe4 18. Qf2 Qxf2+ 19. Kxf2 Rae8 20. Nbd2 e5 21. Nc4 Bc7 22. Nxe5+ Nxe5 23. dxe5 Rxe5 24. Be3 Rd8 25. Rad1 Red5 26. Rxd5 Rxd5 27. Bd4 a6 28. Ne3 Rd7 29. g3 b5 30. Rd1 b4 31. cxb4 h5 32. h4 f4 33. gxf4 Bxf4 34. Ke2 Ke6 35. Bc5 Bxe3 36. Bxe3 Rxd1 37. Kxd1 Kd5 38. b3 Ke5 39. Ke2 Kf5 40. a4 Kg4 41. Bg5 1-0